| 000 | 00895nam a2200181Ia 4500 | ||
|---|---|---|---|
| 008 | 151202s9999||||xx |||||||||||||| ||und|| | ||
| 082 | _bPNVM-83498 | ||
| 100 | _aसुर्वे कृष्णाबाई नारायण / शब्दांकन - सावंत नेहा. | ||
| 245 | _aमास्तरांची सावली. | ||
| 260 | _b"डिंपल पब्लिीकेशन,ठाणे." | ||
| 260 | _c2014 | ||
| 300 | _a248 | ||
| 600 | _aसुर्वे कृष्णाबाई नारायण / शब्दांकन - सावंत नेहा. | ||
| 630 | _aमास्तरांची सावली. | ||
| 700 | _aसुर्वे कृष्णाबाई नारायण / शब्दांकन - सावंत नेहा. | ||
| 730 | _aमास्तरांची सावली. | ||
| 942 | _cBOOK | ||
| 999 |
_c1348324 _d1348321 |
||